LEADER 01033nam a2200241 u 4500 001 000000073791 003 CaOOAMICUS 005 20070226122405.0 008 021108s1979 it u000 u lat u 035 $a10944112 040 $aPUL(R)$bita 041 0 $alat$agrc 100 1 $aLodi, Enzo.$0(OLS)http://pul/name/10369 245 10$aEnchiridion euchologicum fontium liturgicorum :$bclavis methodologica cum commentariis selectis /$cEnzo Lodi. 260 $aRoma :$bBopnoniae,$c1979. 300 $a252 p. ;$c34 cm 650 4$aPreghiere.$0(OLS)http://pul/subject/7929 650 4$aLiturgia$xStoria$xFonti.$0(OLS)http://pul/subject/7884 850 $aPUL 852 $aPUL$W1$xSL Cons. Gen., Altre Classi 1$y1$m2006 E 9$j95320$n $b $qStampati$B95320$CPULBib$Z2$F95320 $H $81 941 1 $a8 996 $6245$aEnchiridion euchologicum fontium liturgicorum :$bclavis methodologica cum commentariis selectis$9(OLS)http://pul/title/96974 996 $6260$aRoma :$bBopnoniae$9(OLS)http://pul/publisher/74403 LEADER 01253nam a2200289 u 4500 001 000000076474 003 CaOOAMICUS 005 20070226123220.0 008 031201s1985 no a u000 u eng u 020 $a8200070395 (v.2) 020 $a8200075621 (set) 035 $a10977980 040 $aPUL(R)$bita 100 1 $aIngstad, Helge.$0(OLS)http://pul/name/50877 245 14$aThe Norse discovery of America /$cHelge Ingstad. 260 $aOslo :$bNorwegian University Press,$c<1985 >. 300 $av. <2 > :$bill. ;$c28 cm 504 $aContiene indicazioni bibliografiche. 505 1 $av. 2. The historical background and the evidence of the Norse settlement discovered in Newfoundland. 651 4$aAmerica$xScoperta ed esplorazione.$0(OLS)http://pul/subject/23028 850 $aPUL 852 $aPUL$W1$xSL Filosofia 1$y2$m132 A 17$j98229$nBK-PRI$b $qStampati$B98229$CPULBib$Z2$F98229 $H56926 $81 941 1 $a8 996 $6020$a8200070395 (v.2)$9(OLS)http://pul/number/100191 996 $6020$a8200075621 (set)$9(OLS)http://pul/number/100192 996 $6245$aThe Norse discovery of America$9(OLS)http://pul/title/100307 996 $6260$aOslo :$bNorwegian University Press$9(OLS)http://pul/publisher/74753